Normal view
MARC view
Entry Personal Name
001 - CONTROL NUMBER
- control field: 26028
003 - CONTROL NUMBER IDENTIFIER
- control field: OSt
005 - DATE AND TIME OF LATEST TRANSACTION
- control field: 20151231170702.0
008 - FIXED-LENGTH DATA ELEMENTS
- fixed length control field: 151231|| aca||aabn | a|a d
040 ## - CATALOGING SOURCE
- Original cataloging agency: OSt
- Transcribing agency: OSt
100 ## - HEADING--PERSONAL NAME
- Personal name: Mookerjee, Radha Kumud
670 ## - SOURCE DATA FOUND
- Source citation: Work cat.: (OSt)35187: Mookerjee, Radha Kumud, Indian Shipping, 1957









